000 01124naa a22003377a 4500
001 BR9510672
003 BR-BrBNA
005 20240918181759.0
007 ta
008 230509b bl.||||| |||| 00| 0 por d
040 _aBR-BrBNA
_bpor
_cBiblioteca Nacional de Agricultura
041 _a(Pt)
072 _aH60
_b2480
_b3876
090 _aH60 BR9510672
100 1 _aCunha, R.L.M. da
100 1 _aPinheiro, E.
100 1 _aViegas, R.M.F.
111 1 _a3. Seminario Nacional da Seringueira
_cManaus, AM (Brazil)
_d23-29 Jun 1980
245 1 _aUso de herbicida pre-emergentes em viveiro de seringueira
260 3 _aBrasilia, DF (Brasil):
_c1980.
500 _aAnais do 3. Seminario Nacional da Seringueira Brasilia, DF (Brasil): 1980. p. 308-332 (BR9510672-AM)H60
650 _aSeringueira
650 _aViveiro
650 _aErva Daninha
650 _aHerbicida
650 _aPre-Emergencia
650 _aTratamento
773 0 _tAnais do 3. Seminario Nacional da Seringueira
_b
_wH60 BR9510672
_gBrasilia, DF (Brasil), 1980. p. 308-332
909 _a202404
_bLucia
_c55
_dLucia Elande
942 _cAM
_2AGRIS
999 _c326794
_d326794